| 000 | 00602nam a2200217 4500 | ||
|---|---|---|---|
| 003 | OSt | ||
| 005 | 20260601171000.0 | ||
| 008 | 260421b1970\\\\xxua||||\||||\00|\0\eng\d | ||
| 040 |
_aICI _bspa _cICI |
||
| 050 |
_aTA166 _bM3 1970 |
||
| 100 | 1 |
_a Mccormick, Ernest James, _e autor _931249 |
|
| 245 | 1 | _aHuman factors engineering. | |
| 250 | _a3 edicion | ||
| 264 |
_b McGraw-Hill, _c1970 _aNew York : |
||
| 300 | _a639 páginas | ||
| 336 |
_atexto _2rdacontent |
||
| 337 |
_asin medio _2rdamedia |
||
| 338 |
_avolumen _2rdacarrier |
||
| 650 |
_a IngenierĂa _x Factores humanos _931250 |
||
| 942 |
_2lcc _cB |
||
| 999 |
_c20024 _d20024 |
||